000
00467nam a2200157Ia 4500
008
100204s9999 xx 000 0 und d
082
_b
28010
100
_a
औरंगाबादकर अनुराधा
245
_a
सदाबहार देवआनंद
250
_a
0
260
_c
2007
300
_a
369
630
_a
सदाबहार देवआनंद
730
_a
सदाबहार देवआनंद
942
_c
BOOK
999
_c
473188
_d
473185